000 00576nam a2200181Ia 4500
008 100921s9999 xx 000 0 und d
082 _b29844
_a891.463 थ 97
100 _aपालकर सतीश.
245 _aपालखी.
260 _bगमभन प्रकाशन,पुणे.
_c1997
300 _a71
_bरसिक साहित्य,पुणे
365 _b15
520 _aललित-कादंबरी.
630 _aपालखी.
650 _aललित-कादंबरी.
730 _aपालखी.
942 _cBOOK
999 _c778957
_d778954